00651cas a22001814i 4500952009000000999001700090001001000107003001000117005001700127008004100144040004100185041000800226100003200234245003200266300006200298773010100360942000800461 001040708HEMaFUSBCbFUSBCd2016-01-26l0o r2016-01-26 00:00:00w2016-01-26yANA c50655d50655768714001CO-MdFUSB20180324092405.0180324s2000 cr ||||| |||| 00| 0 spa d aCO-MdFUSBbspacCO-MdFUSBdCO-MdFUSB aspa1 aPugliese, Ricardo M.eautor10aEl espíritu de valentía aVolumen 5. Número 7 (2000), páginas 109-111c: 28 cm.0 tConquista Cristiana049446960274gVolumen 5. Número 7 (2000), páginas 109-111qpágina 109 cANA